000 00565nam a22001937a 4500
003 OSt
005 20140310183006.0
008 130211t xxu||||| |||| 00| 0 eng d
020 _a9712719196
050 _aP94
_b.M45 2007
082 _aP94
_b.M45 2007
100 _aMaximino, Jose Mario B.
245 _aEthics and social responsibility in mass communication /
_cJose Mario B. Maximino.
260 _aManila :
_bAnvil Publishing,
_c2007.
300 _a202 p. :
_c21 cm.
521 _aMC
942 _2lcc
_cBK
_kLOC
999 _c18178
_d18178